Top 10 acteurs/actrices les plus connus - Statistiques

Statistiques générales
  • Ce quiz a été pris 212 fois
  • Le résultat moyen est 3 sur 10
Statistiques - réponses
Rang Acteur/Actrice % Correct
7 Brad Pitt
82%
1 Leonardo DiCaprio
78%
3 Tom Cruise
51%
6 Angelina Jolie
31%
5 Johnny Depp
31%
8 Will Smith
29%
2 Dwayne Johnson
17%
10 Emma Watson
15%
4 Robert Downey Jr.
8%
9 Keanu Reeves
2%
Aucun quiz correspondant
Distribution des résultats
% des personnes avec chaque résultat
Percentile par nombre de réponses
Votre historique - résultats
Vous n’avez pas pris ce quiz